000 00595nam a22001937a 4500
005 20251108165756.0
008 250721s1998 xx 000 0 ara d
082 1 4 _a613.7/كوم
100 1 _aكومار، ي . ر . رام
245 1 0 _aعالج نفسك باليوغا /
264 1 _aدمشق :
_bآوراد للنشر و التوزيع،
_c1998.
300 _a207ص
650 1 7 _aاللياقة البدنية
650 1 7 _aاليوغا البدنية
700 1 _aسلمان، عصام
_eترجمة
700 1 _aعلي، هيثم
_eترجمة
942 _2ddc
_cBK
999 _c31002
_d31002